Lawrence of Arabia /

محفوظ في:

المؤلف الرئيسي: Liddell Hart, Basil Henry, Sir, 1895-1970.

التنسيق: كتاب

اللغة: English

منشور في: New York, N.Y. : Da Capo Press, [1989], c1935.

الموضوعات:

الوسوم: إضافة وسم

لا توجد وسوم, كن أول من يضع وسما على هذه التسجيلة!

رقم الطلب: D568.4 .L45 L5 1989

LEADER 01138cam a2200313Ma 4500
001 ocn411846437
003 OSt
005 20240916102412.0
008 881128t19891935nyuabf 001 0deng d
999 |c 55606  |d 55606 
010 |a 88038465  
020 |a 0306803542  |q (pbk.) 
020 |a 9780306803543  |q (pbk.) 
040 |c ARCE Library 
043 |a aw-----  |a e-uk--- 
050 4 |a D568.4 .L45 L5 1989 
100 1 |a Liddell Hart, Basil Henry,  |c Sir,  |d 1895-1970. 
240 1 0 |a Colonel Lawrence, the man behind the legend 
245 1 0 |a Lawrence of Arabia /   |c by B.H. Liddell Hart ; illustrated with maps and photographs. 
264 1 |a New York, N.Y. :  |b Da Capo Press,  |c [1989], c1935. 
300 |a ix, 406 pages, 21 unnumbered leaves of plates :  |b illustrations, maps ;  |c 21 cm. 
500 |a Previously published as: Colonel Lawrence, the man behind the legend. 
500 |a Includes index. 
600 1 0 |a Lawrence, T. E.  |q (Thomas Edward),  |d 1888-1935. 
610 1 0 |a Great Britain.  |b Army  |v Biography. 
650 0 |a World War, 1914-1918  |z Middle East. 
650 0 |a Soldiers  |z Great Britain  |v Biography. 
901 |a reviewed 
942 |2 lcc  |c BK